000 00886nam a2200277Ia 4500
001 Para_8032
003 CHAP
008 220125s1926 xx 000 0 und d
010 _a205923
040 _cCHAP
082 _aPA-C 595.75 H4
100 _aBall, E. D.
_9167098
245 _aThe life histories of two leafhoppers, a study in adaptation /
_c by E. D. Ball
300 _a96-9 p.
440 _aHemiptera; 12
_9172048
500 _aSobretiro de: Journal of economic estomology 19 (1) : 96-9, 1926 Encuadernado con otros impresos similares
650 _aHemípteros
_x colecciones de escritos Leafhoppers
_9172049
710 _aJournal of economic entomology 19 (1)
_9172050
901 _aPA-C 595.75 H4
902 _aA
905 _a0000001926 0000000000 00
910 _a1926
942 _cPARA
942 _cPARA
_d1
999 _c205923
_d205923